[Event "MTO Open"]
[Site "Biel SUI"]
[Date "2000.07.26"]
[Round "3"]
[White "Carrasco,Pau"]
[Black "Mantzouneas,N"]
[Result "1-0"]
[WhiteElo "2155"]
[BlackElo "2037"]

1.e4 c5 2.Nf3 Nc6 3.Nc3 d6 4.d4 cxd4 5.Nxd4 Nf6 6.Bg5 e6 7.Qd2 Be7 8.O-O-O O-O
9.f3 Nxd4 10.Qxd4 Qa5 11.h4 Rd8 12.Kb1 Bd7 13.g4 Bc6 14.Qd2 Qc7 15.Be2 a6
16.h5 b5 17.Rde1 b4 18.Nd1 a5 19.Be3 d5 20.e5 Nd7 21.Bf4 a4 22.g5 Nb6 23.g6 Nc4
24.gxf7+ Kh8 25.Bxc4 dxc4 26.Qg2 b3 27.Reg1 bxc2+ 28.Kxc2 Bf8 29.h6 Qxf7
30.hxg7+ Bxg7 31.Ne3 Ra7 32.Qh3 Bf8 33.Bg5 Be7 34.Bh6 Rg8 35.Rxg8+ Qxg8 36.Rh2 Qg6+
37.Kc1 Bg5 38.f4 Bd8 39.Qf1 Bb6 40.f5 exf5 41.Bf4 c3 42.bxc3 Bc5 43.Nc2 Be4
44.Rh6 Qg4 45.e6 Kg8 46.Rh3 Bg2 47.Qc4 Bd5 48.Qxc5 Qxf4+ 49.Re3 Bxe6 50.Qxa7 Bxa2
51.Kb2 Bf7 52.Qd4 Qb8+ 53.Qb4 a3+ 54.Kxa3 Qh2 55.Kb2 f4 56.Qb8+ Kg7 57.Qe5+ Kg8
58.Rd3 Qh4 59.Rd4  1-0

[Event "MTO Open"]
[Site "Biel SUI"]
[Date "2000.07.26"]
[Round "3"]
[White "Beshukov,S"]
[Black "Huzman,A"]
[Result "1/2-1/2"]
[WhiteElo "2428"]
[BlackElo "2574"]

1.e4 c5 2.Nc3 Nc6 3.Nf3 g6 4.d4 cxd4 5.Nxd4 Bg7 6.Be3 Nf6 7.Bc4 O-O 8.Bb3 d6
9.f3 Bd7 10.Qd2 Nxd4 11.Bxd4 b5  1/2-1/2

[Event "Glorney and Faber Cup"]
[Site "Dublin IRL"]
[Date "2000.07.27"]
[Round "5"]
[White "Willemze,T"]
[Black "Rainfray,A"]
[Result "1-0"]
[WhiteElo "2268"]
[BlackElo "2425"]

1.e4 c5 2.Nc3 Nc6 3.Nf3 e6 4.Bb5 Nge7 5.O-O a6 6.Bxc6 Nxc6 7.d4 cxd4 8.Nxd4 Qc7
9.Re1 Bd6 10.Nd5 exd5 11.exd5+ Ne5 12.f4 O-O 13.fxe5 Bxe5 14.Nf3 d6 15.Nxe5 dxe5
16.b3 b5 17.Qd3 Rd8 18.c4 a5 19.Ba3 f6 20.Rac1 b4 21.Bb2 Bb7 22.Re3 a4 23.Rh3 g6
24.Rf1 Qe7 25.Qe4 axb3 26.axb3 Rd6 27.Qh4 g5 28.Qh6 Rda6 29.Bc1 Qg7 30.Qxg7+ Kxg7
31.Rhf3 Bc8 32.Bd2 Rb8 33.Bc1 Bg4 34.R3f2 Rc8 35.h3 Bh5 36.Bb2 Ra2 37.Rd2 Be8
38.Rf3 h5 39.Rdf2 g4 40.hxg4 hxg4 41.Rf5 Rca8 42.Rd2 Bd7 43.Rff2 R8a5 44.Kh2 Kg6
45.Kg3 Bc8 46.Rfe2 Bd7 47.Kf2 Bf5 48.Ke1 Bd7 49.Kd1 Bf5 50.Kc1 Rc5 51.Bc3 Ra3
52.Kb2 bxc3+ 53.Kxa3 cxd2 54.Rxd2 e4 55.Kb4 Rc8 56.c5 Bd7 57.Rc2 Kf5 58.c6 Bxc6
59.dxc6 e3 60.Kc5 Ke4 61.b4 Kd3 62.Rc1 f5 63.b5 f4 64.b6 Kd2 65.Ra1 f3 66.gxf3 gxf3
67.b7 Rf8 68.c7 f2 69.c8=Q f1=Q 70.Rxf1 Rxf1 71.Qd7+  1-0

[Event "KB Czech Open"]
[Site "Pardubice CZE"]
[Date "2000.07.27"]
[Round "7"]
[White "Simacek,P"]
[Black "Tolstikh,N"]
[Result "0-1"]
[WhiteElo "2341"]
[BlackElo "2417"]

1.e4 c5 2.Nf3 Nc6 3.Nc3 e5 4.Bc4 Be7 5.d3 d6 6.h3 Nf6 7.Bg5 h6 8.Bxf6 Bxf6
9.Nd5 Be6 10.c3 g6 11.b4 Bg7 12.Qb3 cxb4 13.cxb4 O-O 14.O-O Kh7 15.a4 Qd7
16.a5 Ne7 17.Rfc1 Rfc8 18.Nxe7 Qxe7 19.Bd5 a6 20.b5 axb5 21.Qxb5 Bxd5 22.Qxd5 Kg8
23.Nd2 Bf8 24.Rc4 Rxc4 25.Nxc4 Qc7 26.Rb1 Ra7 27.Rb6 h5 28.g3 Be7 29.Kg2 Kf8
30.Qb5 Kg7 31.Kg1 Kf8 32.Qd5 Kg7 33.d4 exd4 34.Qxd4+ Kg8 35.Rb5 Ra8 36.Qd5 Rc8
37.Nb6 Qc1+ 38.Kg2 Rc2 39.Nd7 Qe1 40.Qd4 Rc1 41.Kf3 Rd1 42.Qe3 Qh1+ 43.Kf4 Qxh3
44.Qe2 Qxd7 45.a6 bxa6 46.Rb8+ Kh7 47.Qxd1 g5+  0-1

[Event "MTO Open"]
[Site "Biel SUI"]
[Date "2000.07.28"]
[Round "5"]
[White "Beshukov,S"]
[Black "Pavlovic,Mi"]
[Result "1/2-1/2"]
[WhiteElo "2428"]
[BlackElo "2461"]

1.e4 c5 2.Nc3 Nc6 3.Nf3 g6 4.d4 cxd4 5.Nxd4 Bg7 6.Be3 Nf6 7.Bc4 Qa5 8.O-O O-O
9.Nb3 Qc7 10.Be2 d6 11.f4 a6 12.Qd2 Be6 13.Nd5 Bxd5 14.exd5 Nb8 15.Bf3 Nbd7
16.Rfe1 Rac8 17.c3 Nb6 18.Bf2 Rfe8 19.Rad1 Nc4 20.Qc2 Qd7 21.Nd4 Ng4 22.Bxg4 Qxg4
23.b3 Nb6 24.Ne2 Nd7  1/2-1/2

[Event "Australian Masters"]
[Site "Melbourne AUS"]
[Date "2000.07.28"]
[Round "5"]
[White "West,G"]
[Black "Hunt,A"]
[Result "1-0"]
[WhiteElo "2372"]
[BlackElo "2392"]

1.e4 c5 2.Nc3 Nc6 3.Nf3 e5 4.Bc4 Be7 5.d3 h6 6.O-O d6 7.a3 Nf6 8.Re1 O-O
9.Nd5 Rb8 10.c3 b5 11.Ba2 a5 12.Nd2 Be6 13.Nf1 Nh7 14.Nfe3 Bg5 15.g3 Bxe3
16.Bxe3 Ne7 17.Nxe7+ Qxe7 18.b4 axb4 19.axb4 c4 20.dxc4 bxc4 21.Qe2 Rfc8
22.Bb1 Ra8 23.Bc2 Qb7 24.Qd2 d5 25.exd5 Bxd5 26.f4 exf4 27.Bxf4 Rxa1 28.Rxa1 Ng5
29.Bxg5 hxg5 30.Rd1 Qb6+ 31.Qf2 Qxf2+ 32.Kxf2 Be6 33.Ra1 g6 34.Be4 f5 35.Bg2 Kf7
36.Ra8 Rxa8 37.Bxa8 Kf6 38.b5 Ke5 39.b6 Kd6 40.Ke3 Bd7 41.Bg2 Be6 42.Kd4 Bf7
43.b7 Kc7 44.Ke5 Be8 45.Kf6 g4 46.Bd5 Kb8 47.Bxc4 Kxb7 48.Bg8 Kc6 49.Bh7 Kd5
50.Bxg6 Bxg6 51.Kxg6  1-0

[Event "12th Open"]
[Site "Porto POR"]
[Date "2000.07.28"]
[Round "7"]
[White "Durao,J"]
[Black "Damaso,R"]
[Result "0-1"]
[WhiteElo "2087"]
[BlackElo "2386"]

1.e4 c5 2.Nf3 Nc6 3.Nc3 Nf6 4.d4 cxd4 5.Nxd4 e5 6.Ndb5 d6 7.Bg5 a6 8.Bxf6 gxf6
9.Na3 b5 10.Nd5 Bg7 11.Qd3 O-O 12.c3 f5 13.exf5 e4 14.Qh3 b4 15.Nc4 bxc3
16.bxc3 Ne7 17.Nxe7+ Qxe7 18.Rc1 d5 19.Nb6 Qa3 20.Qe3 d4 21.Nc4 Qc5 22.cxd4 Bxd4
23.Qd2 Rb8 24.Ne3 Qe5 25.Nc4 Qg7 26.g4 Rd8 27.Bh3 Bf6 28.Qa5 Qh6 29.g5 Qxg5
30.Ne3 Rb2 31.Kf1 Rxf2+  0-1

[Event "Eikrem mem"]
[Site "Gausdal NOR"]
[Date "2000.07.30"]
[Round "1"]
[White "Salmensuu,O"]
[Black "Bekker Jensen,Da"]
[Result "1-0"]
[WhiteElo "2458"]
[BlackElo "2320"]

1.e4 c5 2.Nc3 Nc6 3.Nf3 e5 4.Bc4 Be7 5.d3 d6 6.Nd2 Nf6 7.Nf1 O-O 8.Ne3 a6
9.a4 Rb8 10.O-O Be6 11.Ned5 Na5 12.Ba2 Nxd5 13.Nxd5 Bg5 14.f4 exf4 15.c3 Nc6
16.Bxf4 Bxf4 17.Rxf4 Ne7 18.Qh5 Bxd5 19.Bxd5 Nxd5 20.Qxd5 Qe7 21.Raf1 Qe5
22.Rxf7 Qxd5 23.Rxf8+ Rxf8 24.Rxf8+ Kxf8 25.exd5 b5 26.axb5 axb5 27.Kf2 Ke7
28.Ke3 Kd7 29.Ke4 g6 30.b3 Ke7 31.c4 Kd7 32.d4  1-0

[Event "Continental Open"]
[Site "Los Angeles USA"]
[Date "2000.07.30"]
[Round "8"]
[White "Matikozian,A"]
[Black "Rensch,D"]
[Result "1-0"]
[WhiteElo "2391"]
[BlackElo "2153"]

1.e4 c5 2.Nc3 Nc6 3.Nf3 g6 4.Bc4 Bg7 5.O-O e6 6.d4 Nxd4 7.Nxd4 cxd4 8.Nb5 Qb6
9.c3 a6 10.Nxd4 Ne7 11.Bb3 O-O 12.Be3 Qc7 13.Qd2 b5 14.Bh6 Bb7 15.Rfe1 Rad8
16.Rad1 Nc6 17.Qg5 Bxh6 18.Qxh6 Na5 19.e5 Nxb3 20.axb3 f6 21.exf6 Rxf6 22.f3 Rdf8
23.Qe3 Bd5 24.Rc1 Qb6 25.c4 bxc4 26.bxc4 Ba8 27.b3 Qc5 28.Qe5 Qb4 29.Ra1 Bb7
30.Qa5 Qd6 31.Rad1 Qb8 32.Re3 Rf4 33.Qe5 Qa7 34.h3 Ba8 35.Kh2 Qb6 36.Red3 Bb7
37.Nc2 Bc6 38.Ne3 Qb7 39.Rd4 Rxd4 40.Rxd4 Qb8 41.Ng4 Qxe5+ 42.Nxe5 Rb8 43.Rd3 a5
44.Kg3 Rb4 45.Kf4 a4 46.bxa4 Bxa4 47.Nxd7 Rxc4+ 48.Ke5 Kf7 49.Nb6 Rb4 50.Nxa4 Rxa4
51.Rd7+ Kg8 52.f4 Ra5+ 53.Kxe6 Rf5 54.Rd4 h5 55.g4 hxg4 56.hxg4 Rf8 57.Ra4 Rb8
58.Kf6 Rb6+ 59.Kg5 Kg7 60.Ra7+ Kg8 61.Kh6 Rf6 62.Ra4 Kf7 63.Kh7 Kf8 64.g5 Rb6
65.Ra8+ Kf7 66.Ra7+ Kf8 67.f5 gxf5 68.g6 Rxg6 69.Kxg6  1-0

[Event "HZ Open"]
[Site "Vlissingen NED"]
[Date "2000.07.30"]
[Round "2"]
[White "Damen,O"]
[Black "Kuijpers,F"]
[Result "0-1"]
[WhiteElo "2099"]
[BlackElo "2386"]

1.e4 c5 2.Nf3 Nc6 3.Nc3 d6 4.Bb5 Bd7 5.d3 g6 6.O-O Bg7 7.Bd2 Nf6 8.Rb1 O-O
9.Be3 a6 10.Bxc6 Bxc6 11.Qd2 b5 12.a3 Qc7 13.b3 Bb7 14.Rfe1 Rfd8 15.Bh6 e6
16.Bxg7 Kxg7 17.Na2 Rac8 18.c4 Bc6 19.b4 bxc4 20.dxc4 Bxe4 21.Rbc1 Qb7 22.Re3 Qe7
23.Qc3 Kg8 24.Rce1 d5 25.Qb3 cxb4 26.cxd5 Bxd5 27.Qb2 bxa3 28.Qxa3 Qxa3 29.Rxa3 Bc4
30.Nb4 Bb5 31.Ne5 Rd4 32.Na2 Re4 33.Rae3 Rxe3 34.fxe3 Rc5 35.Nf3 Nd5 36.e4 Nc3
37.Nxc3 Rxc3 38.Nd4 Rd3 39.Nxb5 axb5 40.Rb1 Rd4 41.Rxb5 Rxe4 42.Kf2 Kg7 43.Kf3 Rc4
44.h3 h5 45.Re5 Kf6 46.Rb5 e5 47.Rb2 Kf5 48.g3 Rc3+ 49.Kg2 f6 50.Rf2+ Ke6
51.g4 hxg4 52.hxg4 f5 53.gxf5+ gxf5 54.Rd2 e4 55.Kf2 Ke5 56.Ra2 Kf4 57.Ra4 Rc2+
58.Ke1 Kf3 59.Ra3+ e3 60.Kd1 Rh2 61.Rc3 f4 62.Rb3 Rh1+ 63.Kc2 Kf2 64.Rd3 f3
65.Rd4 e2 66.Rd2 Ke3 67.Rd3+ Ke4 68.Rd8 e1=Q 69.Re8+ Kd4 70.Rd8+ Kc5 71.Rc8+ Kd6
72.Rd8+ Kc7 73.Rd3 Qb1+ 74.Kc3 Rc1+ 75.Kd4 Qb6+ 76.Ke5 Re1+ 77.Kf4 Qf6+ 78.Kg3 Qg6+
79.Kxf3 Qxd3+  0-1

[Event "MTO Open"]
[Site "Biel SUI"]
[Date "2000.07.31"]
[Round "7"]
[White "Van Schaardenburg,M"]
[Black "Ponomariov,B"]
[Result "1/2-1/2"]
[WhiteElo "2267"]
[BlackElo "2460"]

1.e4 c5 2.Nc3 Nc6 3.Bb5 e5 4.Bc4 d6 5.d3 Nge7 6.Nge2 g6 7.Bg5 Bg7 8.Nd5 h6
9.Bf6 O-O 10.Nxe7+ Nxe7 11.Bxe7 Qxe7 12.Nc3 Kh8 13.Qd2 Rb8 14.a4 f5 15.O-O-O f4
16.h3 b6 17.g3 f3 18.g4 a6 19.Rdg1 Qd7 20.Rg3 b5 21.axb5 axb5 22.Bd5 Bb7
23.Bxb7 Rxb7 24.Qe3 b4 25.Nd1 Qf7 26.h4 Ra7 27.Kd2 Ra1 28.h5 g5 29.Rhh3 Qa2
30.Rxf3 Rf4 31.Qe2 Qb1 32.Rxf4 exf4 33.e5 Bxe5 34.d4 cxd4 35.Rd3 Qc1+ 36.Ke1 Qxb2
37.Rb3 d3 38.Rxd3 Qa2 39.Rb3 Qa8 40.f3 Bc3+ 41.Kf2 Be5 42.Kg2 Qd5 43.Nf2 Ra3
44.Rxa3 bxa3 45.Qa6 Bb2 46.c4 Qd2 47.Qc8+ Kg7 48.Qd7+ Kf6 49.Qd8+ Kf7 50.Qd7+ Kf6
51.Qd8+ Kf7  1/2-1/2

[Event "4th Open"]
[Site "Korinthos GRE"]
[Date "2000.07.31"]
[Round "7"]
[White "Petraki,M"]
[Black "Nikolaidis,K"]
[Result "1/2-1/2"]
[WhiteElo "2114"]
[BlackElo "2308"]

1.e4 c5 2.Nc3 Nc6 3.Bb5 Nd4 4.Nf3 Nxb5 5.Nxb5 d6 6.d4 a6 7.Nc3 cxd4 8.Qxd4 Bg4
9.Nd2 Nf6 10.O-O e5 11.Qd3 Rc8 12.Nc4 Be6 13.Ne3 Be7  1/2-1/2

[Event "MTO Open"]
[Site "Biel SUI"]
[Date "2000.08.01"]
[Round "8"]
[White "Van Schaardenburg,M"]
[Black "Konguvel,P"]
[Result "0-1"]
[WhiteElo "2267"]
[BlackElo "2377"]

1.e4 c5 2.Nc3 Nc6 3.Bb5 Nd4 4.Bc4 g6 5.Nf3 Bg7 6.Nxd4 cxd4 7.Qf3 Nf6 8.Nb5 O-O
9.Nxd4 d5 10.exd5 Ng4 11.Ne2 Ne5 12.Qb3 b5 13.Bxb5 Rb8 14.d4 a6 15.a4 Ng4
16.O-O axb5 17.axb5 e5 18.h3 Nf6 19.c4 Nd7 20.Be3 Bb7 21.dxe5 Nxe5 22.Rfd1 Qh4
23.Rd4 Qe7 24.Rdd1 Rfc8 25.c5 Rxc5 26.d6 Qh4 27.Bxc5 Qe4 28.f3 Qxe2 29.Re1 Qd2
30.Re3 Nd7 31.Rd1 Qxb2 32.Qxb2 Bxb2 33.Re7 Nxc5 34.d7 Nxd7 35.Rdxd7 Ba8 36.b6 Bc6
37.Rc7 Rxb6 38.Rxf7 Be5 39.Rce7 Bd5 40.Rxh7 Bg3  0-1

[Event "Eikrem mem"]
[Site "Gausdal NOR"]
[Date "2000.08.01"]
[Round "3"]
[White "Salmensuu,O"]
[Black "Skaaning,K"]
[Result "1-0"]
[WhiteElo "2458"]
[BlackElo "2082"]

1.e4 c5 2.Nc3 Nc6 3.Nge2 g6 4.d4 cxd4 5.Nxd4 Bg7 6.Be3 Nf6 7.Bc4 O-O 8.Bb3 a5
9.O-O Ng4 10.Qxg4 Nxd4 11.Qd1 Nxb3 12.axb3 b6 13.Nd5 Rb8 14.Bg5 Re8 15.c3 h6
16.Bh4 Bb7 17.Re1 d6 18.f3 Bc6 19.Qd2 Rb7 20.Rad1 b5 21.e5 g5 22.Bg3 Rd7
23.e6 fxe6 24.Rxe6 Qa8 25.Ne3 Kf7 26.Qd3 Bf6 27.Ng4 Kxe6 28.Nxh6 Be4 29.fxe4 Rc7
30.e5  1-0

[Event "HZ Open"]
[Site "Vlissingen NED"]
[Date "2000.08.01"]
[Round "5"]
[White "Willemze,T"]
[Black "Wehmeier,S"]
[Result "0-1"]
[WhiteElo "2268"]
[BlackElo "2390"]

1.e4 c5 2.Nc3 Nc6 3.Nf3 g6 4.Bb5 Bg7 5.Bxc6 bxc6 6.O-O d6 7.h3 e5 8.d3 h6
9.Be3 Ne7 10.Nh2 g5 11.Ne2 Ng6 12.Ng3 Nf4 13.Nh5 Nxh5 14.Qxh5 Rb8 15.b3 Be6
16.Rae1 Qf6 17.h4 Qe7 18.Qe2 Kd7 19.h5 f5 20.exf5 Bxf5 21.g4 Be6 22.Nf3 Bxg4
23.Nxe5+ Bxe5 24.Qxg4+ Kc7 25.d4 cxd4 26.Bxd4 Rhf8 27.Bxe5 dxe5 28.Qa4 Qc5
29.Qe4 Rbe8 30.Qe3 Qd4 31.Rd1 Qg4+ 32.Qg3 Qxh5 33.Qc3 Qg4+ 34.Kh2 Rf3 35.Rd3 Qh3+
36.Kg1 Rxd3 37.cxd3 Qg4+ 38.Kh2 Qd4 39.Qd2 Qf4+ 40.Qxf4 exf4 41.Kg2 Re2 42.Rh1 g4
43.Rh4 g3 44.Rxf4 Rxf2+ 45.Kxg3 Rxf4 46.Kxf4 Kd6 47.Ke4 a5  0-1

[Event "HZ Open"]
[Site "Vlissingen NED"]
[Date "2000.08.01"]
[Round "5"]
[White "Van den Berg,AMJ"]
[Black "Lukas,M"]
[Result "1-0"]
[WhiteElo "2217"]
[BlackElo "2100"]

1.e4 c5 2.Nc3 Nc6 3.Nge2 g6 4.d4 cxd4 5.Nxd4 Bg7 6.Be3 d6 7.Bc4 Nf6 8.f3 O-O
9.Qe2 Na5 10.Bd3 e5 11.Nb3 Be6 12.O-O-O d5 13.exd5 Nxd5 14.Nxd5 Nxb3+ 15.axb3 Qxd5
16.Bb5  1-0

[Event "HZ Open"]
[Site "Vlissingen NED"]
[Date "2000.08.01"]
[Round "5"]
[White "Van Beek,A"]
[Black "Van der Wiel,J"]
[Result "1/2-1/2"]
[WhiteElo "2270"]
[BlackElo "2531"]

1.e4 c5 2.Nc3 Nc6 3.Nge2 g6 4.d4 cxd4 5.Nxd4 Bg7 6.Nde2 Nf6 7.g3 O-O 8.Bg2 d6
9.O-O Rb8 10.a4 a6 11.h3 b5 12.axb5 axb5 13.Nd5 b4 14.Bg5 Nxd5 15.exd5 Ne5
16.Nd4 Bd7 17.b3 Re8 18.Be3 e6 19.f4 exd5 20.fxe5 dxe5 21.Bxd5 exd4 22.Bxf7+ Kh8
23.Bxd4 Bxh3 24.Bxg7+ Kxg7 25.Bxe8 Bxf1 26.Ra7+ Kh6 27.Qc1+ g5 28.Qxf1 Qd4+
29.Kh2 Qd2+ 30.Kh3 g4+ 31.Kxg4 Qg5+ 32.Kh3 Rxe8 33.Qa6+ Qg6 34.Qxg6+ Kxg6
35.Rc7 Re2 36.Rc4 Kg5 37.Rc5+ Kg6 38.Kg4 h5+ 39.Kf3 Rh2 40.Kf4 Rf2+ 41.Ke3 Rg2
42.Kf3 Rd2 43.Rc4 Kf5 44.Rc5+ Kg6 45.Rc4 Kf5 46.Rxb4 Rxc2 47.Rb5+ Kg6 48.Re5 Rb2
49.Re3 Kf5 50.Rc3 Kg5 51.Rc5+ Kg6 52.Rb5 Rc2 53.b4 Rc3+ 54.Kf4 Rc4+ 55.Kf3 Rc3+
56.Kg2 Rc2+ 57.Kh3 Rb2 58.Rb8 Kf5 59.Rf8+ Kg6 60.Rf4 Kg5 61.Rc4 Kg6 62.g4 hxg4+
63.Kxg4 Kf6 64.Re4 Rb3 65.Kf4 Rh3 66.Rd4 Ke6 67.Ke4 Rh4+ 68.Kd3 Rxd4+ 69.Kxd4 Kd6
70.Kc4 Kc6 71.b5+ Kb6 72.Kb4 Kb7  1/2-1/2

[Event "MTO Open"]
[Site "Biel SUI"]
[Date "2000.08.02"]
[Round "9"]
[White "Saravanan,V"]
[Black "Ramesh,R"]
[Result "1/2-1/2"]
[WhiteElo "2412"]
[BlackElo "2450"]

1.e4 c5 2.Nf3 Nc6 3.Nc3 d6 4.Bb5 e5 5.O-O Nf6 6.d3 Be7 7.Ne2 a6 8.Bxc6+ bxc6
9.Ng3 O-O 10.h3 Re8 11.Nh2 d5 12.Qf3 Rb8 13.Rd1 h6 14.b3 Nh7 15.Nf5 Bf8 16.Ng4 Kh8
17.Bb2 d4 18.Bc1 h5 19.Nh2 Qf6 20.Ng3 Qxf3 21.Nxf3 g6 22.Ng5 Nxg5 23.Bxg5 Kg7
24.Re1 Bd6 25.Bd2 h4 26.Nf1 f6 27.Re2 Bc7 28.f3 g5  1/2-1/2

[Event "Eikrem mem"]
[Site "Gausdal NOR"]
[Date "2000.08.02"]
[Round "5"]
[White "Lobzhanidze,D"]
[Black "Tiviakov,S"]
[Result "0-1"]
[WhiteElo "2493"]
[BlackElo "2608"]

1.e4 c5 2.Nf3 Nc6 3.Nc3 g6 4.d4 cxd4 5.Nxd4 Bg7 6.Be3 Nf6 7.Bc4 O-O 8.O-O d6
9.h3 Bd7 10.Re1 Rc8 11.Bb3 Ne5 12.Nf3 Nc6 13.Qd2 Qa5 14.Bh6 Rfd8 15.Rad1 Be8
16.Bxg7 Kxg7 17.Qe3 Nd7 18.Nd4 Qc5 19.Nf5+ gxf5 20.Qg5+ Kh8 21.Rd5 Qb6 22.Rxf5 e6
23.Re3 Nce5 24.Qh6 exf5 25.Nd5 Qd4 26.exf5 Ng6 27.fxg6 Qg7 28.Qh4 Ne5 29.gxh7 Bc6
30.Rg3 Ng6 31.Qg5 Re8 32.Nf4 Be4 33.Nh5 Re5 34.Nxg7 Rxg5 35.Rxg5 Kxg7 36.h4 Kxh7
37.f3 Bxc2 38.Bxf7 Nxh4 39.Be6 Re8 40.Bd5 Ng6 41.Bxb7 Rb8 42.Rb5 Bd3 43.Rd5 Nf4
44.Rxd6 Rxb7 45.g3 Ne2+ 46.Kf2 Nc1 47.Ke3 Bg6 48.a3 Re7+ 49.Kd2 Nb3+ 50.Kc3 Re3+
51.Kc4 Rxf3 52.Rd7+ Bf7+  0-1

[Event "HZ Open"]
[Site "Vlissingen NED"]
[Date "2000.08.03"]
[Round "7"]
[White "Van Beek,A"]
[Black "Halkias,S"]
[Result "0-1"]
[WhiteElo "2270"]
[BlackElo "2502"]

1.e4 c5 2.Nc3 Nc6 3.Nge2 Nf6 4.g3 e6 5.Bg2 d5 6.exd5 exd5 7.d4 Bg4 8.dxc5 Bxc5
9.h3 Bf5 10.Bg5 d4 11.Nd5 Bb4+ 12.Nxb4 Nxb4 13.O-O Nxc2 14.Bxb7 Rb8 15.Bc6+ Kf8
16.Rc1 d3 17.Nc3 h6 18.Bf4 Rc8 19.Bg2 Kg8 20.g4 Bg6 21.Qd2 Kh7 22.Rfd1 Re8
23.g5 hxg5 24.Bxg5 Rc5 25.Qf4 Nd4 26.Bxf6 gxf6 27.Bf1 Rg5+ 28.Kh2 Qd6  0-1

[Event "HZ Open"]
[Site "Vlissingen NED"]
[Date "2000.08.03"]
[Round "7"]
[White "Willemze,T"]
[Black "Michiels,B"]
[Result "1-0"]
[WhiteElo "2268"]
[BlackElo "2055"]

1.e4 c5 2.Nc3 Nc6 3.Nf3 g6 4.Bb5 Bg7 5.Bxc6 bxc6 6.O-O d6 7.h3 e5 8.d3 h6
9.Nh2 Rb8 10.Ne2 Ne7 11.b3 Be6 12.Bb2 O-O 13.f4 exf4 14.Bxg7 Kxg7 15.Nxf4 Qa5
16.Nxe6+ fxe6 17.Qg4 e5 18.Qd7 Qd8 19.Qxa7 Rxf1+ 20.Nxf1 Ra8 21.Qb7 Kf7 22.Ne3 Ke6
23.Rf1 h5 24.a4 Qa5 25.Nc4 Qd8 26.Nb6 Rb8 27.Rf6+ Kxf6 28.Nd7+ Ke6 29.Nxb8 h4
30.a5 Nc8 31.Qxc6 Na7 32.Qd5+ Kf6 33.Nc6 Nxc6 34.Qxc6 Kg7 35.Qa4 Qg5 36.Qa1 Qg3
37.a6 g5 38.Qd1 Qe3+ 39.Kh1 Qf2 40.a7 Qf8 41.Qa1 Qa8 42.Qa4  1-0

[Event "Eikrem mem"]
[Site "Gausdal NOR"]
[Date "2000.08.05"]
[Round "8"]
[White "Salmensuu,O"]
[Black "Holmsten,A"]
[Result "1-0"]
[WhiteElo "2458"]
[BlackElo "2383"]

1.e4 c5 2.Nc3 Nc6 3.Nf3 e6 4.Bb5 Nd4 5.Bc4 a6 6.a4 Nf6 7.d3 d5 8.Ba2 Be7
9.O-O O-O 10.Bg5 b6 11.exd5 Bb7 12.dxe6 Nxf3+ 13.gxf3 fxe6 14.Bxe6+ Kh8 15.f4 h6
16.Bh4 g6 17.Bg3 Bd6 18.d4 Qc7 19.f5 Bxg3 20.hxg3 gxf5 21.d5 f4 22.Ne2 Rg8
23.Ra3 Rg5 24.c4 Nh5 25.Qd2 Rf8 26.Rf3 Rf6 27.Qc3 Kh7 28.Kh2 Rxe6 29.dxe6 Qc6
30.e7 Ng7 31.Qd3+ Kh8 32.Kg2 Qe6 33.Nxf4 Bxf3+ 34.Qxf3 Qxe7  1-0

[Event "Valoz Cup"]
[Site "Olomouc CZE"]
[Date "2000.08.05"]
[Round "6"]
[White "Skytte,R"]
[Black "Nyback,T"]
[Result "1/2-1/2"]
[WhiteElo "2323"]
[BlackElo "2162"]

1.e4 c5 2.Nc3 Nc6 3.Bb5 Nd4 4.Bc4 e6 5.Nge2 Ne7 6.Nxd4 cxd4 7.Ne2 Nc6 8.Bb3 Bc5
9.O-O O-O 10.d3 Na5 11.Ba4 d5 12.Ng3 dxe4 13.dxe4 Bd7 14.Bxd7 Qxd7 15.Nh5 f6
16.Nf4 e5 17.Nd3 Bd6 18.Bd2 Nc6 19.f3 Rac8 20.c4 dxc3 21.Bxc3 Rfd8 22.Qb3+ Qf7
23.Rfd1 Bc7 24.Kf1 Bb6 25.Qxf7+ Kxf7 26.Ke2 Nd4+  1/2-1/2

[Event "Mipap Cup"]
[Site "Olomouc CZE"]
[Date "2000.08.05"]
[Round "6"]
[White "Nicholson,JG"]
[Black "Navara,D"]
[Result "0-1"]
[WhiteElo "2204"]
[BlackElo "2433"]

1.e4 c5 2.Nc3 Nc6 3.Nge2 Nf6 4.d4 cxd4 5.Nxd4 d6 6.f3 e6 7.Be3 a6 8.Qd2 Qc7
9.g4 b5 10.g5 Nd7 11.Nxc6 Qxc6 12.O-O-O Bb7 13.a3 Be7 14.h4 O-O 15.h5 Ne5
16.f4 Nc4 17.Bxc4 Qxc4 18.Bd4 a5 19.b3 Qc6 20.f5 b4 21.Nd5 exd5 22.f6 Rfc8
23.fxe7 a4 24.bxa4 bxa3  0-1

[Event "Eikrem mem"]
[Site "Gausdal NOR"]
[Date "2000.08.06"]
[Round "9"]
[White "Yakovich,Y"]
[Black "Bekker Jensen,Da"]
[Result "1-0"]
[WhiteElo "2585"]
[BlackElo "2320"]

1.e4 c5 2.Nc3 Nc6 3.Nf3 e5 4.Bc4 Be7 5.d3 d6 6.Nd2 Nf6 7.Nf1 O-O 8.Ne3 Nd4
9.O-O Be6 10.a4 Rb8 11.Bd2 h6 12.Kh1 Rc8 13.g3 Nc6 14.Ncd5 Qd7 15.c3 Bd8
16.f4 Bh3 17.Rg1 Ng4 18.Qe2 Nxe3 19.Bxe3 Be6 20.f5 Bxd5 21.Bxd5 Ne7 22.Bb3 d5
23.f6 gxf6 24.Bxh6 Re8 25.Qf3 c4 26.Qxf6 Nf5 27.Qxf5 Qxf5 28.exf5 cxb3 29.Ra3 Rc6
30.Bc1 e4 31.Re1 Re5 32.g4 Bh4 33.Re2 d4 34.Rxb3 e3 35.Rxb7 dxc3 36.bxc3 Rxc3
37.Bb2  1-0

[Event "TCh-ESP"]
[Site "Barcelona ESP"]
[Date "2000.08.07"]
[Round "3"]
[White "Suarez Pousa,D"]
[Black "Molina Garcia,A"]
[Result "1-0"]
[WhiteElo "2374"]
[BlackElo "2172"]

1.e4 c5 2.Nc3 Nc6 3.Nf3 d6 4.d4 cxd4 5.Nxd4 Nf6 6.Bc4 e6 7.Be3 Be7 8.Qe2 O-O
9.Bb3 Qa5 10.O-O-O a6 11.Rhg1 Bd7 12.g4 Nxd4 13.Bxd4 Bc6 14.g5 Nd7 15.f4 Nc5
16.f5 Nxb3+ 17.axb3 exf5 18.exf5 Rfe8 19.Qf2 g6 20.Rdf1 gxf5 21.Qh4 Bf8 22.g6 fxg6
23.Rxg6+ hxg6 24.Qh8+ Kf7 25.Qf6+  1-0

[Event "ch-GBR"]
[Site "Millfield ENG"]
[Date "2000.08.07"]
[Round "7"]
[White "Emms,J"]
[Black "Crawley,G"]
[Result "1/2-1/2"]
[WhiteElo "2527"]
[BlackElo "2401"]

1.e4 c5 2.Nf3 Nc6 3.Nc3 d6 4.d4 cxd4 5.Nxd4 Nf6 6.Bc4 e6 7.Be3 a6 8.Bb3 Qc7
9.f4 Na5 10.f5 e5 11.Nde2 b5 12.Nd5 Nxd5 13.Bxd5 Nc4 14.Bf2 Rb8 15.b3 Nb6
16.Bxb6 Qxb6 17.Qd3 Be7 18.O-O-O Bd7 19.Kb1 Rc8 20.g4 b4 21.h4 Bb5 22.Qf3 h6
23.c4 bxc3 24.Nxc3 Rc7 25.Rc1 O-O 26.Nxb5 Rxc1+ 27.Rxc1 axb5 28.Qg3 Qd8 29.Rh1 Qc7
30.Rc1 Qd8 31.Rh1 Qc7 32.g5 Rc8 33.gxh6 Qc2+ 34.Ka1 Bf6 35.hxg7 Qd2 36.Kb1 Qc2+
37.Ka1 Qd2  1/2-1/2

[Event "TCh-ESP"]
[Site "Barcelona ESP"]
[Date "2000.08.08"]
[Round "4"]
[White "Gonzalez Menendez,I"]
[Black "Pariente Lopez,F"]
[Result "1-0"]
[WhiteElo "2242"]
[BlackElo "2307"]

1.e4 c5 2.Nc3 Nc6 3.Nge2 g6 4.d4 cxd4 5.Nxd4 Bg7 6.Be3 Nf6 7.f3 O-O 8.Bc4 Qb6
9.O-O Qxb2 10.Qd2 Qb4 11.Nxc6 bxc6 12.Bb3 Ng4 13.Nd5 Qd6 14.fxg4 cxd5 15.Rad1 Ba6
16.Rfe1 dxe4 17.Qxd6 exd6 18.Bd5 Rae8 19.Bxa7 Re7 20.Rxe4 Rxe4 21.Bxe4 Be2
22.Rxd6 Bxg4 23.h3 Be6 24.a4 Be5 25.Rd1 Rc8 26.a5 Rc4 27.Bd3 Ra4 28.Bb6 Bc3
29.Bb5 Ra2 30.a6 Rb2 31.a7 Ra2 32.Bxd7 Bxd7 33.Rxd7 Kg7 34.Rd8  1-0

[Event "TCh-ESP"]
[Site "Barcelona ESP"]
[Date "2000.08.08"]
[Round "4"]
[White "Armengol Comas,J"]
[Black "Mimbela Lopez,M"]
[Result "0-1"]
[WhiteElo "2160"]
[BlackElo "2208"]

1.e4 c5 2.Nc3 Nc6 3.Nge2 Nf6 4.g3 d5 5.exd5 Nxd5 6.Bg2 Nf6 7.O-O g6 8.a3 Bg7
9.Rb1 O-O 10.b4 cxb4 11.axb4 Bg4 12.h3 Bf5 13.g4 Bd7 14.b5 Na5 15.d3 Rc8
16.Bd2 b6 17.g5 Nh5 18.Ne4 Qc7 19.c4 Bf5 20.Bxa5 bxa5 21.Qa4 Qd7 22.Qxa5 Bxh3
23.Qd2 Rfd8 24.Rfd1 Qg4 25.N4g3 Nxg3 26.fxg3 Bxg2 27.Kxg2 Rc5 28.Rbc1 Rxg5
29.c5 Bd4 30.c6 Bb6 31.Rc4 Qf5 32.Qf4 Qd5+ 33.Qe4 Qd6 34.Qf4 Qxf4 35.Nxf4 Rxb5
36.d4 Bc7 37.Nd3 Rg5 38.Nb4 Rxg3+ 39.Kf1 Ra3 40.Nc2 Ra6 41.Rb1 Rb6 42.Ra1 a5  0-1

[Event "4th ch-Arab"]
[Site "Beirut LEB"]
[Date "2000.08.08"]
[Round "4"]
[White "Al Modiahki,M"]
[Black "Taleb,M"]
[Result "1-0"]
[WhiteElo "2499"]
[BlackElo "2389"]

1.e4 c5 2.Nf3 Nc6 3.Nc3 g6 4.Bb5 Bg7 5.O-O Nd4 6.Bc4 Nh6 7.d3 O-O 8.Nxd4 cxd4
9.Nb5 Qb6 10.a4 a6 11.a5 Qc5 12.b4 Qe5 13.Na3 e6 14.Bb3 d5 15.Re1 Qd6 16.Bd2 Kh8
17.Qf3 dxe4 18.dxe4 Bd7 19.Nc4 Qc7 20.c3 dxc3 21.Bxc3 Bxc3 22.Qxc3+ Kg8 23.Rac1 Ng4
24.g3 Bb5 25.h3 Nh6 26.Qe3 Qe7 27.Qxh6 Qxb4 28.Ne5  1-0

[Event "Open"]
[Site "Chania GRE"]
[Date "2000.08.08"]
[Round "7"]
[White "Tsekouras,T"]
[Black "Shavtvaladze,N"]
[Result "0-1"]
[WhiteElo "2210"]
[BlackElo "2314"]

1.e4 c5 2.Nc3 Nc6 3.Bb5 Nd4 4.Bc4 g6 5.Nf3 Bg7 6.Nxd4 cxd4 7.Qf3 Nh6 8.Ne2 O-O
9.h3 Kh8 10.d3 Qa5+ 11.Bd2 Qb6 12.O-O-O f5 13.g4 fxe4 14.Qxe4 e6 15.Qg2 a5
16.a3 Qc6 17.Qg3 b5 18.Bb3 a4 19.Ba2 Bb7 20.Kb1 Rac8 21.Rc1 Qg2 22.Rh2 Qf3
23.Qh4 Qxe2 24.Bxh6 Bxh6 25.Qxh6 Qe5 26.f4 Qxf4 27.Qxf4 Rxf4 28.Re2 Rc5 29.Rg1 Kg7
30.Kc1 Rf3 31.Rh2 Rxd3  0-1

[Event "ch-GBR"]
[Site "Millfield ENG"]
[Date "2000.08.09"]
[Round "9"]
[White "Tan,D"]
[Black "Greet,A"]
[Result "1/2-1/2"]
[WhiteElo "2203"]
[BlackElo "2266"]

1.e4 c5 2.Nc3 Nc6 3.Bb5 Nd4 4.Bc4 e6 5.Nf3 Nf6 6.O-O a6 7.d3 b5 8.Bb3 Nxb3
9.axb3 Bb7 10.e5 Nd5 11.Ne4 f5 12.exf6 Nxf6 13.Bg5 Be7 14.Bxf6 gxf6 15.Ng3 h5
16.Nh4 Kf7 17.f4 f5 18.Nf3 Qg8 19.Rf2 h4 20.Nf1 Bf6 21.c3 Qb8 22.Qd2 Qc7
23.Re1 Rag8 24.Qe3 Kf8 25.Ree2 Rh7 26.N1d2 Rhg7 27.Ng5 Bxg5 28.fxg5 Rxg5
29.Ne4 R5g6  1/2-1/2